Conspiracies Quiz Stats

 Plays Quiz not verified by Sporcle

Score 0/33 Timer 10:00
0 Plays Today
Description Conspiracy % Correct
That crash landings aren't always of known originArea 51
75.2%
Two gunshot wounds = two shootersJFK Assassination
60.3%
That it's not just a movie starring Will Smith and Tommy Lee JonesMen In Black
57.7%
That one small step was really make-believeFaked Moon Landings
53.4%
That everything we know about the world governments is wrong, they're not in controlIlluminati
53%
The reason for this is anything from making us docile to disposal of industrial wasteWater Flouridation
52.1%
That the Caribbean is a great place to go....missing?Bermuda Triangle
50%
The conspiracy that lead to a president's empeachingWatergate (T)
45.7%
That the king hasn't left the building just yetElvis Presley Lives
44.4%
That the death of one of Britan's greatest celebrities was not an accidentPrincess Diana
41.5%
That barcode scanners are for more than just groceriesMark Of The Beast
41.5%
That the Founding Fathers were part of more than our country's foundingThe Freemasons
38.5%
That it's the end of the world as we know it (not yet)2012
36.8%
That the U.S. government commited mass murder on itself9-11
33.8%
That they are everywhere in the Orwellian senseBig Brother
32.1%
That airbourne transportation is really trying to make us all sickChemtrail
31.6%
That Anne Frank's diary was just fictionHolocaust Denial
29.9%
Description Conspiracy % Correct
That the president is more than the presidentBarack Obama Is The Antichrist
27.8%
That the media spreads more than product awareness messages to the publicSubliminal Mindcontrol
24.4%
Remember, remember the fifth of November...Gunpowder Plot (T)
24.4%
That if you play it backwards this is what you hearPaul Is dead
22.2%
That a religious figure live on as told in a paintingDa Vinci Code
18.8%
That the government did more with drugs than just make them illegalProject MKULTRA (T)
16.7%
Joe McCarthy warned us of this and now Beck and Limbaugh tooRed Scare Communist Invasion
13.2%
That radio towers in Alaska do more than broadcastHAARP
13.2%
Glenn Beck warns us that maybe a famous capitalist wasn't all he seemedRockefeller Plaza Conspiracy
10.7%
That healthcare is after your relativesDeath Panels
10.7%
It makes everything from Satan's number to the degrees of the Earth's axis tiltThe Number 23 & Numerology
9%
That it really hasn't reached it's peakPeak Oil
7.7%
That he was back...to warn us of the futureJohn Titor
5.6%
That the Senate did more than pass decisionsCaesar's Assassination (T)
5.1%
That the Church of Scientology is more involved with the IRS than just being a tax breakOperation Snow White (T)
3.8%
That the big corporations bring down more than high pricesFree Energy Supression (T)
2.1%

You're not logged in!

Compare scores with friends on all Sporcle quizzes.
OR
Log In

You Might Also Like...

Show Comments

Extras

Created Jul 1, 2010ReportNominate
Tags:conspiracy, description

Top Quizzes Today


Score Distribution

Your Account Isn't Verified!

In order to create a playlist on Sporcle, you need to verify the email address you used during registration. Go to your Sporcle Settings to finish the process.

Report this User

Report this user for behavior that violates our Community Guidelines.

Details: